Digital Signal Processing / (Record no. 152080)

MARC details
000 -LEADER
fixed length control field 00639nam a22002057a 4500
005 - DATE AND TIME OF LATEST TRANSACTION
control field 20180515162906.0
010 ## - LCCN (DPL NO)
LC control number ENG-123025
020 ## - INTERNATIONAL STANDARD BOOK NUMBER
International Standard Book Number 9789386858238
Terms of availability 499.00
035 ## - SYSTEM CONTROL NUMBER
System control number EN-106557
037 ## - SOURCE OF ACQUISITION
Source of stock number/acquisition DBAD/PUB.
082 ## - DEWEY DECIMAL CLASSIFICATION NUMBER
Classification number 621.3822
100 ## - MAIN ENTRY--PERSONAL NAME
Personal name Rao, D. Ganesh
245 ## - TITLE STATEMENT
Title Digital Signal Processing /
Statement of responsibility, etc by D. Ganesh Rao [and] Vineeta P. Gejji
260 ## - PUBLICATION, DISTRIBUTION, ETC. (IMPRINT)
Place of publication, distribution, etc Delhi
Name of publisher, distributor, etc Cengage Learning India Pvt. Ltd.
Date of publication, distribution, etc 2017
270 ## - ADDRESS
Address 418, F.I.E.Patparganj
City Delhi
Postal code 110092 (India)
300 ## - PHYSICAL DESCRIPTION
Extent xii, 481p.
Dimensions 27cm(pbk)
Other physical details ill.
500 ## - GENERAL NOTE
General note It include index
700 ## - ADDED ENTRY--PERSONAL NAME
Personal name Gejji, Vineeta P.
942 ## - ADDED ENTRY ELEMENTS (KOHA)
Source of classification or shelving scheme Dewey Decimal Classification
Item type English Books
Classification part 621.3822
Call number suffix RAO
Holdings
Withdrawn status Lost status Not for loan Collection code Home library Current library Date acquired Source of acquisition Cost, normal purchase price Full call number Barcode Copy number Cost, replacement price Koha item type
    Not For Loan Non-fiction D.B.Act.Division Patel Nagar 15/05/2018 DBAD/PUB 499.00 621.3822 RAO EN-106557 1 499.00 English Books

© Delhi Public Library
Hit Counter
free hit counter